00456 2200181 4500001002100000005001500021008004100036020002200077035001900099041000700118082001000125090001600135100002100151245002700172260002800199300002700227650002000254INLIS00000000002498520241224131832241224||||||||| | ||| |||| || |  a978-623-206-153-8 0010-1224024985 aid0 a741.5 a741.5 DYA b0 aDyah Umi Purnama00aBiskuit Energi Bim-Bim aSolobTiga Anandac2019 a32 hlm. : ill. ; 24 cm 0aFiksi Indonesia